000
00221 a2200097 4500
001
37331
100
_a
Dilnshit R D
245
_a
Political Geography
260
_a
New Delhi
_b
Tata McGraw- Hill
_c
090
_c
23802
_d
23802
942
_a
NUST-CAE
_c
M
_c
15339
999
_c
272404
_d
272404